000 00769nam a2200253Ia 4500
003 OSt
005 20220918201038.0
006 a|||||r|||| 00| 0
007 ta
008 220917b |||||||| |||| 00| 0 eng d
024 _a91,358
037 _cTextual
040 _aARTS
_cARTS
_beng
041 _2eng
_aeng
082 _aV1:19(zA).N8, M5
100 _aJohri J. C.
_996464
245 0 _aInternational relations and politics
_b Theoretical perspective
260 _aNew Delhi
_bSterling India
_c1985
300 _ax, 408p.
_ccm.
500 _aBibliography p396--404
650 _aINTERNATIONAL RELATIONS; WORLD HISTORY; INTERNATIONAL RELATIONS
_996465
942 _hV1:19(zA).N8, M5
_cTEXL
_2CC
999 _c215017
_d215017